Ville de France par Habitants 2026 - Hors agglomération - Statistiques

Statistiques générales
  • Ce quiz a été pris 49 fois
  • Le résultat moyen est 23 sur 30
Statistiques - réponses
Nombre d'habitants Villes % Correct
526 900 Lyon
100%
883 400 Marseille
100%
2 129 200 Paris
100%
294 500 Strasbourg
100%
516 700 Toulouse
100%
268 800 Bordeaux
98%
240 500 Lille
98%
329 800 Nantes
98%
356 600 Nice
98%
310 600 Montpellier
95%
231 900 Rennes
95%
143 500 Brest
91%
158 600 Grenoble
82%
150 200 Clermont-Ferrand
77%
168 300 Le Havre
77%
163 100 Dijon
75%
123 500 Metz
75%
181 400 Reims
75%
174 200 Saint-Etienne
75%
182 500 Toulon
75%
163 200 Villeurbanne
70%
160 800 Angers
68%
141 100 Tours
64%
137 400 Amiens
59%
147 800 Le Mans
57%
152 600 Nîmes
57%
134 100 Annecy
50%
131 600 Limoges
50%
151 000 Aix-en-Provence
43%
153 800 Saint-Denis (Réunion)
5%
Aucun quiz correspondant
Distribution des résultats
% des personnes avec chaque résultat
Percentile par nombre de réponses
Votre historique - résultats
Vous n’avez pas pris ce quiz